Biblioteca y Centro de Documentación

Resilient welfare states in the European Union (Registro nro. 53901)

Detalles MARC
000 -CABECERA
Longitud fija campo de control 03241nam a2200469 i 4500
001 - NÚMERO DE CONTROL
Número de control 53901
003 - IDENTIFICADOR DE NÚMERO DE CONTROL
Identificador del número de control ES-MaCES
005 - FECHA Y HORA DE LA ÚLTIMA TRANSACCIÓN
Fecha y hora de la última transacción 20251022110909.0
008 - CAMPO FIJO DE DESCRIPCIÓN FIJA--INFORMACIÓN GENERAL
Códigos de información de longitud fija   251010s2022 uk || 000 | eng d
020 ## - ISBN (INTERNATIONAL STANDARD BOOK NUMBER)
Número Internacional Normalizado para Libros (ISBN) 9781788214865 (hbk)
040 ## - FUENTE DE CATALOGACIÓN
Centro catalogador de origen ES-MaCES
Lengua de catalogación spa
Centro transcriptor ES-MaCES
041 1# - CÓDIGO DE IDIOMA
Código de lengua del texto;banda sonora o título independiente eng
Código de lengua original ger
100 1# - ENCABEZAMIENTO PRINCIPAL--NOMBRE PERSONAL
9 (RLIN) 41506
Nombre de persona Hemerijck, Anton
245 10 - MENCIÓN DE TÍTULO
Título Resilient welfare states in the European Union
Mención de responsabilidad, etc. Anton Hemerijck, Robin Huguenot-Noël
250 ## - MENCIÓN DE EDICIÓN
Mención de edición 1st ed
260 ## - PUBLICACIÓN, DISTRIBUCIÓN, ETC (PIE DE IMPRENTA)
Lugar de publicación, distribución, etc. Newcastle upon Tyne, UK
Nombre del editor, distribuidor, etc. Agenda Publishing
Fecha de publicación, distribución, etc. [2022]
300 ## - DESCRIPCIÓN FÍSICA
Extensión XIX, 164 p.
Dimensiones 24 cm
490 1# - MENCIÓN DE SERIE
Mención de serie Comparative political economy
500 ## - NOTA GENERAL
Nota general Índices
504 ## - NOTA DE BIBLIOGRAFÍA, ETC.
Nota de bibliografía, etc. Bibliografía: p. 139-150
520 3# - RESUMEN, ETC.
Sumario, etc, Los sistemas de bienestar europeos, establecidos tras la Segunda Guerra Mundial, han sufrido un ataque constante desde finales de la década de 1970, debido a la tendencia neoliberal hacia un Estado pequeño y al mercado como principal instrumento para la asignación eficiente de recursos escasos. Tras la crisis financiera de 2008, los elevados impuestos y las generosas prestaciones de los estados de bienestar europeos fueron, una vez más, culpados del estancamiento económico y el inmovilismo político. Sin embargo, la larga década de la Gran Recesión demostró, en todo caso, que el estado de bienestar siguió siendo un activo fundamental en tiempos difíciles, estabilizando la economía, protegiendo a hogares e individuos de la pobreza, conciliando la vida laboral y familiar con una perspectiva de género, al tiempo que mejoraba las habilidades y competencias necesarias en la economía del conocimiento y la sociedad en proceso de envejecimiento de Europa. Finalmente, la propagación de la pandemia de COVID-19 ha vuelto a poner de relieve, como era de esperar, el papel productivo de los sistemas de bienestar a la hora de garantizar la seguridad básica, las capacidades humanas, las oportunidades económicas y las libertades democráticas.<br/>En esta importante contribución, Anton Hemerijck y Robin Huguenot-Noël examinan la naturaleza de la protección social europea y las falsedades que la rodean. Evalúan el impacto de las medidas de austeridad posteriores a la Gran Recesión y consideran su diseño futuro para preparar mejor a las sociedades europeas para afrontar el cambio social, desde la competencia global hasta el envejecimiento demográfico acelerado, la digitalización del trabajo y el cambio climático.<br/>
541 ## - NOTA DE LA FUENTE INMEDIANTE DE ADQUISICIÓN
Forma de adquisición Compra
650 #4 - ASIENTO SECUNDARIO DE MATERIA--TÉRMINO DE MATERIA
Término de materia o nombre geográfico como elemento inicial Estado-Benefactor
9 (RLIN) 29481
650 #4 - ASIENTO SECUNDARIO DE MATERIA--TÉRMINO DE MATERIA
Término de materia o nombre geográfico como elemento inicial economía del bienestar
9 (RLIN) 29849
650 #4 - ASIENTO SECUNDARIO DE MATERIA--TÉRMINO DE MATERIA
Término de materia o nombre geográfico como elemento inicial asignación de recursos
9 (RLIN) 27024
650 #4 - ASIENTO SECUNDARIO DE MATERIA--TÉRMINO DE MATERIA
Término de materia o nombre geográfico como elemento inicial protección social
9 (RLIN) 29076
650 #4 - ASIENTO SECUNDARIO DE MATERIA--TÉRMINO DE MATERIA
Término de materia o nombre geográfico como elemento inicial política social
9 (RLIN) 27029
650 #4 - ASIENTO SECUNDARIO DE MATERIA--TÉRMINO DE MATERIA
Término de materia o nombre geográfico como elemento inicial cohesión social
9 (RLIN) 30743
650 #4 - ASIENTO SECUNDARIO DE MATERIA--TÉRMINO DE MATERIA
Término de materia o nombre geográfico como elemento inicial lucha contra la pobreza
9 (RLIN) 30648
650 #4 - ASIENTO SECUNDARIO DE MATERIA--TÉRMINO DE MATERIA
Término de materia o nombre geográfico como elemento inicial envejecimiento de la población
9 (RLIN) 30614
650 #4 - ASIENTO SECUNDARIO DE MATERIA--TÉRMINO DE MATERIA
Término de materia o nombre geográfico como elemento inicial globalización económica
9 (RLIN) 30653
650 #4 - ASIENTO SECUNDARIO DE MATERIA--TÉRMINO DE MATERIA
Término de materia o nombre geográfico como elemento inicial futuro del trabajo
9 (RLIN) 30756
650 #4 - ASIENTO SECUNDARIO DE MATERIA--TÉRMINO DE MATERIA
Término de materia o nombre geográfico como elemento inicial cambio climático
9 (RLIN) 30961
650 #4 - ASIENTO SECUNDARIO DE MATERIA--TÉRMINO DE MATERIA
Término de materia o nombre geográfico como elemento inicial política comunitaria
9 (RLIN) 30776
650 #4 - ASIENTO SECUNDARIO DE MATERIA--TÉRMINO DE MATERIA
Término de materia o nombre geográfico como elemento inicial UE
9 (RLIN) 26752
650 #4 - ASIENTO SECUNDARIO DE MATERIA--TÉRMINO DE MATERIA
Término de materia o nombre geográfico como elemento inicial teoría social
9 (RLIN) 27032
653 10 - TÉRMINO DE INDEXACIÓN--NO CONTROLADO
Término no controlado Seguridad Social
700 1# - ENCABEZAMIENTO SECUNDARIO--NOMBRE PERSONAL
9 (RLIN) 41507
Nombre de persona Huguenot-Noël, Robin
830 #0 - ENCABEZAMIENTO SECUNDARIO DE COLECCIÓN--TÍTULO UNIFORME
9 (RLIN) 41521
Título uniforme Comparative political economy
902 ## - CES. TIPO DE DOCUMENTO
Tipodoc (006$c Sirtex) LIB Libro
942 ## - ELEMENTOS KOHA
Fuente de clasificaión o esquema Clasificación propia del CES
Koha [por defecto] tipo de item Monografías
Parte de clasificación Seguridad social
Existencias
Número de registro Signatura completa Tipo de item de Koha
203335 SG-3.0.-222 Monografías
© CES, Consejo Económico y Social de España 2021